000 00532cam a2200205 i 4500
001 4175609
005 20180202043816.0
008 791023s1966 dcua 001 0 eng
010 _a 79109883
040 _aDLC
_cDLC
_dOCoLC
_dDLC
041 _aeng
043 _an-us---
080 _a630.5
082 0 0 _a630.5 FRE
_a614.3/1/0973
100 _a9
101 _aMJE
245 1 0 _aProtecting our food /
_cthe United States Department of Agriculture.
906 _a0
_bcbc
_corignew
_d3
_encip
_f19
_gy-gencatlg
942 _2ddc
_cBK
999 _c41606
_d41606